• 首页
  • 本馆介绍
  • 公告通知
  • 最新文献
  • 馆藏检索
  • 电子资源
  • 读者导购
  • 参考咨询
  • 我的图书馆
  • 登录
  • 详细信息显示
  • 放入我的书架
  • 预约/预借图书
  • 作者相关作品
  • 分类相关作品
  • 丛书相关作品
  • 出版社相关作品

书目信息

  • 表格格式
  • 工作单格式
  • 卡片格式
题名:
胸部影像精粹
    
 
作者: 切利斯 主编 ;郭佑民 主译
分册:  
出版信息: 西安   世界图书出版公司  2009
页数: 148页
开本: 29cm
丛书名: 世界经典医学名著译丛
单 册:
中图分类: R560.4
科图分类:
主题词: 胸腔疾病--影像诊断
电子资源:
ISBN: 978-7-5062-9020-3
000 01381nam 2200301 450
001 2373277037
005 20231217202142.61
010    @a978-7-5062-9020-3@dCNY68.00
100    @a20091030d2009 em y0chiy50 ea
101 1  @achi@ceng
102    @aCN@b610000
105    @aack a 000yy
200 1  @a胸部影像精粹@Axiong bu ying xiang jing cui@d= Essentials of thoracic imaging@f主编 (美) Caroline Chiles@g主译郭佑民@zeng
210    @a西安@c世界图书出版公司@d2009
215    @a148页@c图 (部分彩图), 肖像@d29cm
225 2  @a世界经典医学名著译丛@Ashi jie jing dian yi xue ming zhu yi cong
306    @a本书简体中文版由世界图书出版西安公司与Elsevier (Singapore) Pte Ltd. 在中国大陆境内合作出版
314    @a责任者Chiles规范汉译姓: 切利斯
320    @a有书目
330    @a影像诊断学与其他医学专业相同, 它不允许医师仅基于经验积累来维持诊断能力, 而需要终身学习, 与新知识、新技术保持同步以满足临床需要。本书把胸部影像学的最新研究文献浓缩为对常见病例的新技术应用。本书内容包括: 孤立性肺结节的影像学评估; 非小细胞肺癌的影像学评估; 胸部转移性肿瘤的影像学表现等。
410  0 @12001 @a世界经典医学名著译丛
500 10 @aEssentials of thoracic imaging@mChinese
606 0  @a胸腔疾病@x影像诊断
690    @aR560.4@v5
701  1 @a切利斯@Aqie li si@g(Chiles, Caroline)@4主编
702  0 @a郭佑民@Aguo you min@4主译
801  0 @aCN@b湖北三新@c20091208
905    @aZUCC@dR560.4@e5
    
    胸部影像精粹= Essentials of thoracic imaging/主编 (美) Caroline Chiles/主译郭佑民.-西安:世界图书出版公司,2009
    148页:图 (部分彩图), 肖像;29cm.-(世界经典医学名著译丛)
    
    
    ISBN 978-7-5062-9020-3:CNY68.00
    影像诊断学与其他医学专业相同, 它不允许医师仅基于经验积累来维持诊断能力, 而需要终身学习, 与新知识、新技术保持同步以满足临床需要。本书把胸部影像学的最新研究文献浓缩为对常见病例的新技术应用。本书内容包括: 孤立性肺结节的影像学评估; 非小细胞肺癌的影像学评估; 胸部转移性肿瘤的影像学表现等。
●
相关链接 在五车中查询图书 在当当中查询图书 在豆瓣中查询图书


正题名:胸部影像精粹     索取号:R560.4/5         预约/预借

序号 登录号 条形码 馆藏地/架位号 状态 备注
1 2001481197   2001481197   208书库/ [索取号:R560.4/5] 在馆    
2 2001481198   2001481198   208书库/ [索取号:R560.4/5] 在馆    
3 2001481199   2001481199   208书库/ [索取号:R560.4/5] 在馆    
4 2001481200   2001481200   208书库/ [索取号:R560.4/5] 在馆    
5 2001481201   2001481201   208书库/ [索取号:R560.4/5] 在馆    
6 2001481202   2001481202   208书库/ [索取号:R560.4/5] 在馆    
7 2001481203   2001481203   208书库/ [索取号:R560.4/5] 在馆    
8 2001481204   2001481204   208书库/ [索取号:R560.4/5] 在馆    
9 2001481205   2001481205   208书库/ [索取号:R560.4/5] 在馆    
10 2001481206   2001481206   208书库/ [索取号:R560.4/5] 在馆    
11 2001481207   2001481207   208书库/ [索取号:R560.4/5] 在馆    
12 2001481208   2001481208   208书库/ [索取号:R560.4/5] 在馆    
13 2001481209   2001481209   208书库/ [索取号:R560.4/5] 在馆    
14 2001481210   2001481210   208书库/ [索取号:R560.4/5] 在馆    
15 2001481211   2001481211   208书库/ [索取号:R560.4/5] 在馆    
16 2001481212   2001481212   208书库/ [索取号:R560.4/5] 在馆    
17 2001481213   2001481213   208书库/ [索取号:R560.4/5] 在馆    
18 2001481214   2001481214   208书库/ [索取号:R560.4/5] 在馆    
19 2001481215   2001481215   208书库/ [索取号:R560.4/5] 在馆    
20 2001481216   2001481216   208书库/ [索取号:R560.4/5] 在馆    
21 2001481217   2001481217   218书库/ [索取号:R560.4/5] 在馆    
22 2001481218   2001481218   218书库/ [索取号:R560.4/5] 在馆    
23 2001481219   2001481219   218书库/ [索取号:R560.4/5] 在馆    
24 2001481220   2001481220   218书库/ [索取号:R560.4/5] 在馆    
25 2001481221   2001481221   218书库/ [索取号:R560.4/5] 在馆    
26 2001481222   2001481222   218书库/ [索取号:R560.4/5] 在馆    
27 2001481223   2001481223   208书库/ [索取号:R560.4/5] 在馆    
28 2001481224   2001481224   208书库/ [索取号:R560.4/5] 在馆    
29 2001481225   2001481225   208书库/ [索取号:R560.4/5] 在馆    
30 2001481226   2001481226   208书库/ [索取号:R560.4/5] 在馆    
山东省滨州职业学院图书馆 欢迎您!
大连网信软件有限公司© 版权所有